000 00219nam a2200109 4500
082 0 _a307.14
100 1 _aFrasier, Jane
245 1 0 _aBasic health lessons
260 _aKenya
_c1993
300 _aP. 57
942 _2ddc
_cBK
999 _c64529
_d64503